Data Warehouse Design : (Record no. 13375)
[ view plain ]
| 000 -LEADER | |
|---|---|
| fixed length control field | 01499cam a2200337 a 4500 |
| 001 - CONTROL NUMBER | |
| control field | 15690705 |
| 005 - DATE AND TIME OF LATEST TRANSACTION | |
| control field | 20091217110822.0 |
| 008 - FIXED-LENGTH DATA ELEMENTS--GENERAL INFORMATION | |
| fixed length control field | 090407s2009 nyua | b 001 0 eng u |
| 010 ## - LIBRARY OF CONGRESS CONTROL NUMBER | |
| LC control number | 2009014666 |
| 015 ## - NATIONAL BIBLIOGRAPHY NUMBER | |
| National bibliography number | GBA935804 |
| Source | bnb |
| 016 7# - NATIONAL BIBLIOGRAPHIC AGENCY CONTROL NUMBER | |
| Record control number | 015108556 |
| Source | Uk |
| 020 ## - INTERNATIONAL STANDARD BOOK NUMBER | |
| International Standard Book Number | 9780071610391 (alk. paper) |
| 035 ## - SYSTEM CONTROL NUMBER | |
| System control number | (OCoLC)ocn244060648 |
| 040 ## - CATALOGING SOURCE | |
| Original cataloging agency | DLC |
| Transcribing agency | DLC |
| Modifying agency | BTCTA |
| -- | BAKER |
| -- | YDXCP |
| -- | UKM |
| -- | C#P |
| -- | BWX |
| -- | NLGGC |
| -- | CDX |
| -- | VP@ |
| -- | DLC |
| 041 1# - LANGUAGE CODE | |
| Language code of text/sound track or separate title | eng |
| Language code of original and/or intermediate translations of text | ita |
| 050 00 - LIBRARY OF CONGRESS CALL NUMBER | |
| Classification number | QA76.9.D37 |
| Item number | G56813 2009 |
| 082 00 - DEWEY DECIMAL CLASSIFICATION NUMBER | |
| Classification number | 005.745 |
| Edition number | 22 |
| Item number | GOL |
| 100 1# - MAIN ENTRY--PERSONAL NAME | |
| Personal name | Golfarelli, Matteo. |
| 9 (RLIN) | 11334 |
| 240 10 - UNIFORM TITLE | |
| Uniform title | <a href="Data warehouse.">Data warehouse.</a> |
| Language of a work | English |
| 245 10 - TITLE STATEMENT | |
| Title | Data Warehouse Design : |
| Remainder of title | Modern Principles and Methodologies / |
| Statement of responsibility, etc | Matteo Golfarelli, Stefano Rizzi ; translated by Claudio Pagliarani. |
| 260 ## - PUBLICATION, DISTRIBUTION, ETC. (IMPRINT) | |
| Place of publication, distribution, etc | New York : |
| Name of publisher, distributor, etc | McGraw-Hill, |
| Date of publication, distribution, etc | c2009. |
| 300 ## - PHYSICAL DESCRIPTION | |
| Extent | xxi, 458 p. : |
| Other physical details | ill. ; |
| Dimensions | 24 cm. |
| 504 ## - BIBLIOGRAPHY, ETC. NOTE | |
| Bibliography, etc | Includes bibliographical references and index. |
| 650 #0 - SUBJECT ADDED ENTRY--TOPICAL TERM | |
| Topical term or geographic name as entry element | Data warehousing. |
| 9 (RLIN) | 11335 |
| 650 #0 - SUBJECT ADDED ENTRY--TOPICAL TERM | |
| Topical term or geographic name as entry element | Database design. |
| 9 (RLIN) | 11336 |
| 700 1# - ADDED ENTRY--PERSONAL NAME | |
| Personal name | Rizzi, Stefano. |
| 9 (RLIN) | 11337 |
| 700 1# - ADDED ENTRY--PERSONAL NAME | |
| Personal name | Pagliarani, Claudio |
| 9 (RLIN) | 11338 |
| 942 ## - ADDED ENTRY ELEMENTS (KOHA) | |
| Source of classification or shelving scheme | Dewey Decimal Classification |
| Item type | Book - Borrowing |
| Withdrawn status | Item status | Source of classification or shelving scheme | Damaged status | Not for loan | Vendor | Home library | Current library | Shelving location | Date acquired | Source of acquisition | Cost, normal purchase price | Serial Enumeration / chronology | Total Checkouts | Full call number | Barcode | Date last seen | Date last borrowed | Koha item type |
|---|---|---|---|---|---|---|---|---|---|---|---|---|---|---|---|---|---|---|
| Dewey Decimal Classification | Alahram | Central Library | Central Library | Lower Floor | 14/02/2010 | 315.00 | 34 | 2 | 005.745 GOL | 000018897 | 15/07/2025 | 27/04/2011 | Book - Borrowing | |||||
| Dewey Decimal Classification | Baccah | Central Library | Central Library | Lower Floor | 21/11/2013 | 005.745 GOL | 000035118 | 15/07/2025 | Book - Borrowing |